000 00592nam a2200241 a 4500
001 nice12345678
003 IN_TiNIC
005 20260116011341.0
008 050524s1958 laha grp 000 0 eng
020 _a
_c0
082 0 0 _a954.91
_bPAR
100 _aParwez, S A
245 _aFundamentals of an Islamic Constitution
260 _aLahore
_bIdara-E-Tuloo-E-Islam
_c1958
300 _a45p
500 _aincludes index and biblioraphy
505 2 _aEpilogue, Notes
650 _aPakistan-Constitution
700 1 _aParwez, S A
902 _bSRS
942 _cBK
999 _c758
_d758